Normal view
MARC view
- Rigatos, Gerasimos G
Entry Personal Name
001 - CONTROL NUMBER
- control field: 86589
003 - CONTROL NUMBER IDENTIFIER
- control field: NUST
005 - DATE AND TIME OF LATEST TRANSACTION
- control field: 20211214124700.0
008 - FIXED-LENGTH DATA ELEMENTS
- fixed length control field: 211214|| aca||aabn | a|a d
040 ## - CATALOGING SOURCE
- Original cataloging agency: NUST
- Transcribing agency: NUST
100 ## - HEADING--PERSONAL NAME
- Personal name: Rigatos, Gerasimos G
670 ## - SOURCE DATA FOUND
- Source citation: Work cat.: (NUST)33249: Rigatos, Gerasimos G. author., Modelling and Control for Intelligent Industrial Systems :
